| 000 | 00797nas a2200265 4500 | ||
|---|---|---|---|
| 001 | BR9602331 | ||
| 003 | BR-BrBNA | ||
| 005 | 20231205094715.0 | ||
| 007 | ta | ||
| 008 | 230509b bl.|||p| |||| 00| 00por d | ||
| 040 |
_aBR-BrBNA _bpor _cBiblioteca Nacional de Agricultura |
||
| 041 | _a(En) | ||
| 072 | _aF30 | ||
| 100 | 1 | _aCarvalho, L.P. de | |
| 100 | 1 | _aCruz, C.D. | |
| 100 | 1 | _aMoraes, C.F. de | |
| 245 | 1 | _aGenetic divergence in Brazilian cotton, Gossypium hirsutum var. latifolium Hutch. | |
| 650 | _aAlgodao | ||
| 650 | _aGenotipo | ||
| 650 | _aHibridacao | ||
| 650 | _aVariedade Resistente | ||
| 773 | 0 |
_tRevista Brasileira de Genetica (Brazil) _xISSN 0100-8455 _g(Sep 1995), v. 18(3) p. 439-443 _wBR9602331 |
|
| 909 |
_a202311 _bLúcia _c55 _dLúcia Elande |
||
| 942 |
_2AGRIS _n0 _cANA |
||
| 999 |
_c146270 _d146270 |
||